Global Populations Closest to 10 Million - Statistics

General Stats
  • This quiz has been taken 42 times
  • The average score is 14 of 20
Answer Stats
Population Country % Correct
10,347,892 Portugal
84%
10,435,447 Sweden
84%
10,702,942 Czech Republic
81%
10,718,565 Greece
81%
8,976,467 Austria
78%
9,730,772 Hungary
78%
11,601,753 Belgium
76%
11,181,595 Cuba
76%
8,696,088 Switzerland
76%
9,349,645 Belarus
73%
9,450,711 Honduras
73%
10,535,535 Dominican Republic
70%
10,139,196 Azerbaijan
68%
11,743,017 Haiti
68%
11,088,864 Jordan
65%
9,437,180 Israel
59%
9,504,000 Tajikistan
54%
9,503,738 United Arab Emirates
51%
9,122,994 Papua New Guinea
46%
8,297,882 Sierra Leone
38%
No matching quizzes found
Score Distribution
Percent of People with Each Score
Percentile by Number Answered
Your Score History
You have not taken this quiz